Ying dan Yang Dalam Mencari Tuhan : Himpunan Puisi-Puisi Ketuhanan dan Kemanusiaan

Bibliographic Details
Main Authors: Maszlee Malik (Author), Hamidah Mat (Author)
Format: Book
Published: Cyberjaya, Selangor : Kawandanet Sdn Bhd 2023
Subjects:

MARC

LEADER 00000cam a2200000 7i4500
001 0000315861
005 20241025160805.0
007 t
008 240918t20232023my a ###
020 |a 9789670079141 
040 |a MBPJ   |b eng   |c MBPJ   |e rda 
090 0 0 |a 899.2313   |b MAS 
100 0 |a Maszlee Malik ,   |e author 
245 1 0 |a Ying dan Yang Dalam Mencari Tuhan :   |b Himpunan Puisi-Puisi Ketuhanan dan Kemanusiaan   |c Oleh Maszlee Malik dan Hamidah Mat 
264 1 |a Cyberjaya, Selangor :   |b Kawandanet Sdn Bhd   |c 2023 
264 4 |c ©2023 
300 |a 107 pages ;   |c 20 cm. 
336 |a text  |2 rdacontent 
337 |a unmediated  |2 rdamedia 
338 |a volume  |2 rdacarrier 
650 0 |a Malay poetry 
700 0 |a Hamidah Mat ,   |e author 
999 |a 00412600   |b BUKU   |c PINJAMAN   |e PERPUSTAKAAN KOMUNITI PETALING JAYA